| 000 | 01071nas a2200349 4500 | ||
|---|---|---|---|
| 001 | BR0804468 | ||
| 003 | BR-BrBNA | ||
| 005 | 20231205112345.0 | ||
| 007 | ta | ||
| 008 | 230509b bl.|||p| |||| 00| 00por d | ||
| 040 |
_aBR-BrBNA _bpor _cBiblioteca Nacional de Agricultura |
||
| 041 | _a(Pt) | ||
| 072 | _aQ54 | ||
| 100 | 1 | _aCândido, M.J.D. | |
| 100 | 1 | _aNeiva, J.N.M. | |
| 100 | 1 | _aRodriguez, N.M. | |
| 100 | 1 | _aFerreira, A.C.H. | |
| 245 | 1 | _aCaracteristicas fermentativas e composição química de silagens de capim-elefante contendo subproduto desidratados do maracajá | |
| 650 | _aCAPIM ELEFANTE | ||
| 650 | _aSILAGEM | ||
| 650 | _aMARACUJÁ | ||
| 650 | _aSUBPRODUTO | ||
| 650 | _aDESIDRATAÇÃO | ||
| 650 | _aCOMPOSIÇÃO QUÍMICA | ||
| 650 | _aFERMENTAÇÃO | ||
| 650 | _aBROMATOLOGIA | ||
| 650 | _aPH | ||
| 650 | _aPROTEÍNA BRUTA | ||
| 773 | 0 |
_tRevista Brasileira de Zootecnia (Brazil) _xISSN 1516-3598 _g(Sep-Oct 2007), v. 36(5)suplemento p. 1489-1494 _wBR0804468 |
|
| 909 |
_a202311 _bLúcia _c55 _dLúcia Elande |
||
| 942 |
_2AGRIS _n0 _cANA |
||
| 999 |
_c197615 _d197615 |
||